[Event "WCO 2016"]
[Site "?"]
[Date "2016.09.11"]
[Round "9"]
[Board "6"]
[WhiteID "3304019"]
[White "Monroy G. Nataly A."]
[BlackID "2501775"]
[Black "Menon Jayadev Poornima"]
[Result "1-0"]
[BlackElo "1837"]
[WhiteElo "2105"]
[LiveChessVersion "1.4.8"]

1. d4 {[%clk 1:30:57]} d5 {[%clk 1:30:53]} 2. Nf3 {[%clk 1:31:15]} Nf6
{[%clk 1:30:55]} 3. c4 {[%clk 1:30:29]} e6 {[%clk 1:30:56]} 4. Nc3
{[%clk 1:29:51]} c6 {[%clk 1:28:55]} 5. g3 {[%clk 1:29:32]} Be7 {[%clk 1:20:56]}
6. Bg2 {[%clk 1:28:47]} O-O {[%clk 1:20:27]} 7. O-O {[%clk 1:28:17]} b6
{[%clk 1:16:21]} 8. Nd2 {[%clk 1:25:17]} Bb7 {[%clk 0:57:45]} 9. Re1
{[%clk 1:21:37]} Nbd7 {[%clk 0:49:35]} 10. e4 {[%clk 1:21:14]} dxe4
{[%clk 0:47:35]} 11. Ndxe4 {[%clk 1:21:25]} Nxe4 {[%clk 0:47:25]} 12. Nxe4
{[%clk 1:21:36]} Nf6 {[%clk 0:46:28]} 13. Nc3 {[%clk 1:19:44]} Qc7
{[%clk 0:43:24]} 14. Bf4 {[%clk 1:16:40]} Bd6 {[%clk 0:41:41]} 15. Bg5
{[%clk 1:15:39]} Be7 {[%clk 0:40:19]} 16. Qe2 {[%clk 0:57:59]} Rad8
{[%clk 0:31:45]} 17. Rad1 {[%clk 0:54:43]} Ba6 {[%clk 0:26:35]} 18. b3
{[%clk 0:52:15]} Rd7 {[%clk 0:24:43]} 19. Qf3 {[%clk 0:31:00]} Bb7
{[%clk 0:23:31]} 20. h3 {[%clk 0:15:33]} Rfd8 {[%clk 0:17:48]} 21. Qe3
{[%clk 0:14:24]} Re8 {[%clk 0:07:54]} 22. Bf4 {[%clk 0:06:58]} Qd8
{[%clk 0:06:23]} 23. g4 {[%clk 0:06:05]} Ba8 {[%clk 0:03:27]} 24. Bf3
{[%clk 0:06:03]} Kf8 {[%clk 0:01:50]} 25. g5 {[%clk 0:05:36]} Ng8
{[%clk 0:02:14]} 26. c5 {[%clk 0:05:13]} bxc5 27. dxc5 {[%clk 0:05:37]} Rxd1
{[%clk 0:01:18]} 28. Rxd1 {[%clk 0:06:03]} Qa5 {[%clk 0:01:37]} 29. Bd6
{[%clk 0:05:39]} h6 {[%clk 0:01:11]} 30. h4 {[%clk 0:04:35]} Bb7 {[%clk 0:01:00]}
31. Rd4 {[%clk 0:04:26]} Bxd6 {[%clk 0:00:47]} 32. cxd6 {[%clk 0:04:42]} Rd8
{[%clk 0:01:12]} 33. Ra4 {[%clk 0:04:28]} Qf5 {[%clk 0:00:49]} 34. Rf4
{[%clk 0:04:08]} Qa5 {[%clk 0:00:37]} 35. Qxe6 {[%clk 0:04:03]} f6
{[%clk 0:00:42]} 36. g6 1-0

[Event "WCO 2016"]
[Site "?"]
[Date "2016.09.11"]
[Round "9"]
[Board "7"]
[WhiteID "1148184"]
[White "Kruk Karina"]
[BlackID "3301630"]
[Black "Cordero Daniela"]
[Result "0-1"]
[BlackElo "1954"]
[WhiteElo "1766"]
[LiveChessVersion "1.4.8"]

1. d4 {[%clk 1:30:59]} e6 {[%clk 1:30:41]} 2. Nf3 {[%clk 1:31:07]} f5
{[%clk 1:31:01]} 3. g3 {[%clk 1:31:28]} Nf6 {[%clk 1:31:24]} 4. Bg2
{[%clk 1:31:52]} d5 {[%clk 1:31:16]} 5. O-O {[%clk 1:31:35]} Bd6 {[%clk 1:31:14]}
6. b3 {[%clk 1:31:05]} Qe7 {[%clk 1:31:30]} 7. Bb2 {[%clk 1:30:55]} O-O
{[%clk 1:31:46]} 8. Nbd2 {[%clk 1:29:34]} b6 {[%clk 1:24:14]} 9. c4
{[%clk 1:18:13]} Bb7 {[%clk 1:22:36]} 10. Qc2 {[%clk 1:14:36]} Ne4
{[%clk 1:22:04]} 11. Ne5 {[%clk 1:07:50]} c5 {[%clk 1:12:30]} 12. Nxe4
{[%clk 0:52:14]} fxe4 {[%clk 1:09:24]} 13. Ng4 {[%clk 0:49:32]} Nc6
{[%clk 1:02:25]} 14. dxc5 {[%clk 0:36:15]} bxc5 {[%clk 1:02:22]} 15. cxd5
{[%clk 0:35:26]} exd5 {[%clk 1:02:44]} 16. Ne3 {[%clk 0:35:31]} Nb4
{[%clk 0:49:07]} 17. Qd2 {[%clk 0:31:51]} d4 {[%clk 0:47:13]} 18. Nc4
{[%clk 0:31:54]} Bc7 {[%clk 0:46:44]} 19. a3 {[%clk 0:31:22]} Nc6
{[%clk 0:39:59]} 20. Rac1 {[%clk 0:27:57]} Ne5 {[%clk 0:25:10]} 21. Nxe5
{[%clk 0:18:22]} Qxe5 {[%clk 0:23:36]} 22. b4 {[%clk 0:14:56]} Bb6
{[%clk 0:17:48]} 23. bxc5 {[%clk 0:10:35]} Bxc5 {[%clk 0:18:01]} 24. Qc2
{[%clk 0:10:12]} Rac8 {[%clk 0:11:42]} 25. Qd1 {[%clk 0:07:36]} Qd6
{[%clk 0:07:05]} 26. a4 {[%clk 0:04:55]} Ba8 {[%clk 0:05:14]} 27. Ba1
{[%clk 0:04:43]} Kh8 {[%clk 0:03:38]} 28. Rc4 {[%clk 0:03:54]} Qe6
{[%clk 0:02:46]} 29. Rc1 {[%clk 0:03:52]} Rfd8 {[%clk 0:02:28]} 30. Qd2
{[%clk 0:02:34]} e3 {[%clk 0:01:04]} 31. Qd3 {[%clk 0:02:31]} Bxg2
{[%clk 0:01:13]} 32. Kxg2 {[%clk 0:02:17]} Qd5+ {[%clk 0:01:04]} 33. f3
{[%clk 0:01:41]} h6 {[%clk 0:00:40]} 34. Rc4 {[%clk 0:01:39]} Bb6
{[%clk 0:00:50]} 35. Rfc1 {[%clk 0:01:54]} Rxc4 {[%clk 0:00:45]} 36. Rxc4
{[%clk 0:02:12]} Qa5 {[%clk 0:00:41]} 37. Bxd4 {[%clk 0:00:41]} Qd2
{[%clk 0:00:34]} 38. Bxg7+ {[%clk 0:00:35]} Kg8 {[%clk 0:00:37]} 39. Qg6
{[%clk 0:00:31]} Qxe2+ {[%clk 0:01:02]} 40. Kh3 {[%clk 0:30:55]} Qf1+
{[%clk 0:31:16]} 41. Kh4 {[%clk 0:30:28]} Qxc4+ {[%clk 0:31:39]} 42. Bd4+
{[%clk 0:29:19]} Kf8 {[%clk 0:31:44]} 43. Qxh6+ {[%clk 0:27:25]} Ke8
{[%clk 0:29:33]} 44. Qh8+ {[%clk 0:24:58]} Kd7 {[%clk 0:28:46]} 45. Qg7+
{[%clk 0:25:08]} Kc8 {[%clk 0:28:52]} 46. Qg4+ {[%clk 0:25:23]} Rd7
{[%clk 0:27:51]} 47. Bxe3 {[%clk 0:10:52]} Qxg4+ {[%clk 0:27:57]} 0-1

[Event "WCO 2016"]
[Site "?"]
[Date "2016.09.11"]
[Round "9"]
[Board "8"]
[WhiteID "3303888"]
[White "Molina Jessica"]
[BlackID "2501171"]
[Black "Ui Laighleis Gearoidin"]
[Result "1-0"]
[BlackElo "1795"]
[WhiteElo "1883"]
[LiveChessVersion "1.4.8"]

1. f4 {[%clk 1:29:50]} d5 {[%clk 1:30:27]} 2. Nf3 {[%clk 1:30:14]} g6
{[%clk 1:30:29]} 3. e3 {[%clk 1:30:16]} Bg7 {[%clk 1:30:03]} 4. d4
{[%clk 1:29:37]} Nf6 {[%clk 1:30:10]} 5. Bd3 {[%clk 1:27:41]} O-O
{[%clk 1:29:23]} 6. O-O {[%clk 1:26:36]} b6 {[%clk 1:26:50]} 7. c3
{[%clk 1:23:22]} Bb7 {[%clk 1:25:16]} 8. Bd2 {[%clk 1:22:34]} Nbd7
{[%clk 1:19:38]} 9. Be1 {[%clk 1:22:20]} c5 {[%clk 1:13:14]} 10. Nbd2
{[%clk 1:16:50]} c4 {[%clk 1:10:10]} 11. Bc2 {[%clk 1:16:49]} Ng4
{[%clk 1:05:03]} 12. Qe2 {[%clk 1:16:04]} b5 {[%clk 1:03:39]} 13. a3
{[%clk 1:11:31]} a6 {[%clk 0:57:55]} 14. h3 {[%clk 0:59:07]} Ngf6
{[%clk 0:57:08]} 15. g4 {[%clk 0:54:22]} Rc8 {[%clk 0:50:11]} 16. Qg2
{[%clk 0:49:53]} Qb6 {[%clk 0:42:06]} 17. Ne5 {[%clk 0:47:38]} Qd8
{[%clk 0:38:44]} 18. g5 {[%clk 0:42:43]} Ne8 {[%clk 0:37:40]} 19. h4
{[%clk 0:37:04]} Nd6 {[%clk 0:31:14]} 20. Qh3 {[%clk 0:31:52]} f5
{[%clk 0:17:04]} 21. Ndf3 {[%clk 0:20:30]} Nf7 {[%clk 0:14:48]} 22. h5
{[%clk 0:17:49]} Nfxe5 {[%clk 0:14:40]} 23. fxe5 {[%clk 0:16:15]} e6
{[%clk 0:11:15]} 24. Rf2 {[%clk 0:10:16]} Qe8 {[%clk 0:10:45]} 25. Rh2
{[%clk 0:08:19]} Kf7 {[%clk 0:07:09]} 26. h6 {[%clk 0:06:36]} Bh8
{[%clk 0:07:32]} 27. Bg3 {[%clk 0:06:33]} Rg8 {[%clk 0:07:02]} 28. Rf2
{[%clk 0:06:08]} Ke7 {[%clk 0:06:41]} 29. Qf1 {[%clk 0:05:20]} Rf8
{[%clk 0:06:31]} 30. a4 {[%clk 0:04:08]} Ra8 {[%clk 0:06:15]} 31. b3
{[%clk 0:03:36]} Nb6 {[%clk 0:06:07]} 32. Qb1 {[%clk 0:02:54]} Qd8
{[%clk 0:06:02]} 33. Bd1 {[%clk 0:02:38]} Qc7 {[%clk 0:05:50]} 34. Qc1
{[%clk 0:02:10]} Rfc8 {[%clk 0:05:56]} 35. Qa3+ {[%clk 0:01:34]} Ke8
{[%clk 0:05:49]} 36. a5 {[%clk 0:01:23]} Nd7 {[%clk 0:05:48]} 37. Qd6
{[%clk 0:01:24]} Qxd6 {[%clk 0:05:46]} 38. exd6 {[%clk 0:01:52]} Bc6
{[%clk 0:04:58]} 39. bxc4 {[%clk 0:01:18]} dxc4 {[%clk 0:04:05]} 40. Rd2
{[%clk 0:31:11]} Bd5 {[%clk 0:33:06]} 41. Nh4 {[%clk 0:26:37]} Kf7
{[%clk 0:27:30]} 42. Bf3 {[%clk 0:24:27]} Re8 {[%clk 0:26:30]} 43. Rf1
{[%clk 0:23:03]} Kg8 {[%clk 0:25:56]} 44. Kf2 {[%clk 0:21:06]} Rad8
{[%clk 0:23:38]} 45. Re1 {[%clk 0:18:25]} Bxf3 {[%clk 0:21:29]} 46. Nxf3
{[%clk 0:18:44]} Nb8 {[%clk 0:21:22]} 47. e4 {[%clk 0:17:11]} fxe4
{[%clk 0:16:42]} 48. Rxe4 {[%clk 0:17:38]} Nc6 {[%clk 0:14:23]} 49. Rde2
{[%clk 0:16:10]} Kf7 {[%clk 0:14:12]} 50. Rf4+ {[%clk 0:11:09]} Kg8
{[%clk 0:14:12]} 51. Rfe4 {[%clk 0:10:46]} Kf7 {[%clk 0:10:50]} 52. Be5
{[%clk 0:09:05]} Bxe5 {[%clk 0:05:43]} 53. Nxe5+ {[%clk 0:09:26]} Nxe5
{[%clk 0:06:06]} 54. Rf4+ {[%clk 0:09:52]} Kg8 {[%clk 0:05:59]} 55. dxe5 Rd7
{[%clk 0:05:32]} 56. Ke3 {[%clk 0:10:10]} Rc8 {[%clk 0:04:44]} 57. Rf6
{[%clk 0:09:52]} Rc5 {[%clk 0:04:20]} 58. Rxe6 {[%clk 0:09:23]} Kf7
{[%clk 0:03:36]} 59. Rf6+ {[%clk 0:08:56]} Kg8 {[%clk 0:03:50]} 60. Kd4
{[%clk 0:08:57]} Rc8 {[%clk 0:03:55]} 61. Kd5 {[%clk 0:08:51]} Rcd8
{[%clk 0:03:27]} 62. Ref2 {[%clk 0:08:38]} Re7 {[%clk 0:02:17]} 63. Rf8+
{[%clk 0:08:00]} Rxf8 {[%clk 0:02:33]} 64. dxe7 {[%clk 0:08:24]} Rxf2
{[%clk 0:02:07]} 65. e8=Q+ {[%clk 0:08:35]} Rf8 {[%clk 0:02:31]} 66. Qe6+
{[%clk 0:08:47]} Rf7 {[%clk 0:02:49]} 67. Qxa6 {[%clk 0:08:56]} Rf3
{[%clk 0:02:16]} 68. Qxb5 {[%clk 0:09:07]} Rd3+ {[%clk 0:01:44]} 69. Ke6
{[%clk 0:09:06]} Rd8 {[%clk 0:01:44]} 70. Qxc4 {[%clk 0:09:27]} Re8+
{[%clk 0:01:50]} 71. Kd7+ {[%clk 0:09:45]} Kf8 {[%clk 0:02:13]} 72. Qf4+
{[%clk 0:09:53]} Kg8 {[%clk 0:02:19]} 73. Kxe8 {[%clk 0:10:05]} 1-0

[Event "WCO 2016"]
[Site "?"]
[Date "2016.09.11"]
[Round "9"]
[Board "5"]
[WhiteID "34101737"]
[White "Nazarova Anastasia"]
[BlackID "8200521"]
[Black "dos Ramos Rosangela"]
[Result "1-0"]
[BlackElo "1821"]
[WhiteElo "1897"]
[LiveChessVersion "1.4.8"]

1. e4 {[%clk 1:30:58]} g6 {[%clk 1:30:55]} 2. d4 {[%clk 1:31:22]} Bg7
{[%clk 1:31:16]} 3. Nc3 {[%clk 1:31:45]} d6 {[%clk 1:31:40]} 4. Be3
{[%clk 1:32:08]} a6 {[%clk 1:31:47]} 5. Qd2 {[%clk 1:32:08]} Nd7 {[%clk 1:31:50]}
6. h4 {[%clk 1:31:42]} h5 {[%clk 1:31:46]} 7. f3 {[%clk 1:30:20]} Ngf6
{[%clk 1:28:57]} 8. Nh3 {[%clk 1:30:31]} b5 {[%clk 1:28:48]} 9. O-O-O
{[%clk 1:28:51]} Bb7 {[%clk 1:28:02]} 10. Ng5 {[%clk 1:27:56]} e6
{[%clk 1:27:24]} 11. Qf2 {[%clk 1:22:44]} Qe7 {[%clk 1:25:10]} 12. Kb1
{[%clk 1:21:07]} Rc8 {[%clk 1:19:22]} 13. g3 {[%clk 1:13:30]} c5 {[%clk 1:13:42]}
14. Ne2 {[%clk 1:08:53]} b4 {[%clk 1:06:51]} 15. Bh3 {[%clk 0:53:35]} cxd4
{[%clk 0:59:19]} 16. Nxd4 {[%clk 0:48:33]} Nc5 {[%clk 0:57:28]} 17. Qd2
{[%clk 0:43:33]} d5 {[%clk 0:37:54]} 18. e5 {[%clk 0:36:51]} Nfd7
{[%clk 0:34:24]} 19. f4 {[%clk 0:37:04]} Na4 {[%clk 0:31:13]} 20. Qf2
{[%clk 0:32:20]} Ndc5 {[%clk 0:24:37]} 21. g4 {[%clk 0:24:27]} Ne4
{[%clk 0:21:51]} 22. Nxe4 {[%clk 0:24:35]} dxe4 {[%clk 0:22:19]} 23. gxh5
{[%clk 0:23:49]} Rxh5 {[%clk 0:20:16]} 24. Bg4 {[%clk 0:24:05]} Rh7
{[%clk 0:19:04]} 25. h5 {[%clk 0:20:03]} gxh5 {[%clk 0:19:22]} 26. Bxh5
{[%clk 0:19:59]} Rh8 {[%clk 0:19:02]} 27. Qg3 {[%clk 0:19:14]} Bf8
{[%clk 0:17:55]} 28. Bxf7+ {[%clk 0:19:13]} Qxf7 {[%clk 0:18:11]} 29. Rxh8
{[%clk 0:19:37]} Bd5 {[%clk 0:17:29]} 30. Rdh1 {[%clk 0:14:18]} Qc7
{[%clk 0:14:43]} 31. Rxf8+ {[%clk 0:14:07]} 1-0

[Event "WCO 2016"]
[Site "?"]
[Date "2016.09.11"]
[Round "9"]
[Board "6"]
[WhiteID "8201200"]
[White "Adhin Anviti"]
[BlackID "502324"]
[Black "Puuska Heini"]
[Result "1/2-1/2"]
[BlackElo "1926"]
[WhiteElo "1616"]
[LiveChessVersion "1.4.8"]

1. c4 {[%clk 1:30:57]} Nf6 {[%clk 1:30:51]} 2. g3 {[%clk 1:31:24]} c6
{[%clk 1:31:05]} 3. Bg2 {[%clk 1:31:35]} d5 {[%clk 1:31:06]} 4. cxd5 cxd5
{[%clk 1:31:00]} 5. d4 {[%clk 1:30:54]} Bf5 {[%clk 1:27:11]} 6. Nf3
{[%clk 1:28:19]} Bxb1 {[%clk 1:23:51]} 7. Qa4+ {[%clk 1:25:51]} Nc6
{[%clk 1:21:30]} 8. Rxb1 {[%clk 1:25:23]} e6 {[%clk 1:20:09]} 9. O-O
{[%clk 1:24:05]} Bd6 {[%clk 1:16:18]} 10. Bg5 {[%clk 1:13:22]} Qb6
{[%clk 1:14:40]} 11. Bxf6 {[%clk 1:05:06]} gxf6 {[%clk 1:15:00]} 12. e3
{[%clk 1:04:29]} O-O {[%clk 1:13:13]} 13. Rfc1 {[%clk 0:57:55]} Rfc8
{[%clk 1:10:22]} 14. Qd1 {[%clk 0:48:34]} Qa6 {[%clk 1:06:46]} 15. Ra1
{[%clk 0:45:38]} Na5 {[%clk 1:01:13]} 16. Rxc8+ {[%clk 0:38:41]} Rxc8
{[%clk 1:01:10]} 17. Rc1 {[%clk 0:36:36]} Rc6 {[%clk 0:57:51]} 18. b3
{[%clk 0:27:54]} Ba3 {[%clk 0:52:23]} 19. Rc2 {[%clk 0:27:36]} Qb6
{[%clk 0:48:00]} 20. Ne1 {[%clk 0:23:32]} Qc7 {[%clk 0:43:10]} 21. Rxc6
{[%clk 0:22:45]} Qxc6 {[%clk 0:43:25]} 22. Qc2 {[%clk 0:22:52]} Qd7
{[%clk 0:30:17]} 23. Qc3 {[%clk 0:19:36]} Nc6 {[%clk 0:27:25]} 24. Nc2
{[%clk 0:16:28]} Be7 {[%clk 0:25:10]} 25. Bf1 {[%clk 0:14:51]} a6
{[%clk 0:24:34]} 26. Bg2 {[%clk 0:13:18]} Na7 {[%clk 0:22:34]} 27. Bf1
{[%clk 0:10:14]} Bd6 {[%clk 0:18:10]} 28. Ne1 {[%clk 0:06:58]} Nb5
{[%clk 0:09:45]} 29. Qc2 {[%clk 0:03:26]} Kg7 {[%clk 0:07:46]} 30. Qc1
{[%clk 0:02:58]} Bf8 {[%clk 0:05:26]} 31. Qc2 {[%clk 0:01:27]} Nd6
{[%clk 0:05:20]} 32. Bg2 {[%clk 0:01:22]} Qb5 {[%clk 0:03:12]} 33. Bf1
{[%clk 0:01:07]} Qa5 {[%clk 0:02:55]} 34. Nf3 {[%clk 0:00:41]} Ne4
{[%clk 0:02:03]} 35. Bd3 {[%clk 0:00:41]} Ng5 {[%clk 0:01:48]} 36. Nxg5
{[%clk 0:00:44]} fxg5 {[%clk 0:02:17]} 37. Kf1 {[%clk 0:00:36]} Bb4
{[%clk 0:01:00]} 38. Be2 {[%clk 0:00:40]} Bd6 {[%clk 0:00:56]} 39. Bd3
{[%clk 0:00:43]} Qd8 {[%clk 0:00:52]} 40. Qc1 {[%clk 0:30:39]} h5
{[%clk 0:30:58]} 41. h3 {[%clk 0:28:34]} h4 {[%clk 0:22:36]} 42. g4
{[%clk 0:26:55]} Bc7 {[%clk 0:21:29]} 43. f3 {[%clk 0:20:59]} Qd6
{[%clk 0:19:47]} 44. Qc2 {[%clk 0:20:50]} Ba5 {[%clk 0:19:14]} 45. Qf2
{[%clk 0:09:12]} e5 {[%clk 0:13:26]} 46. dxe5 {[%clk 0:04:35]} Qxe5
{[%clk 0:13:39]} 47. e4 {[%clk 0:04:33]} Bc3 {[%clk 0:10:26]} 48. exd5
{[%clk 0:03:07]} Qxd5 {[%clk 0:07:30]} 49. Be4 {[%clk 0:03:01]} Qd1+
{[%clk 0:07:06]} 50. Kg2 {[%clk 0:03:26]} Bd4 {[%clk 0:07:06]} 51. Qf1
{[%clk 0:03:08]} Qd2+ {[%clk 0:07:16]} 52. Kh1 {[%clk 0:03:07]} b6
{[%clk 0:05:59]} 53. Bb1 {[%clk 0:01:09]} Be5 {[%clk 0:04:52]} 54. Qg1
{[%clk 0:01:13]} Bg3 {[%clk 0:03:41]} 55. a4 {[%clk 0:00:53]} Bf2
{[%clk 0:02:17]} 56. Qf1 {[%clk 0:00:48]} Bg3 {[%clk 0:02:20]} 57. Qg1
{[%clk 0:01:18]} Be5 {[%clk 0:02:24]} 58. Be4 {[%clk 0:01:06]} Qb2
{[%clk 0:01:55]} 59. Bd5 {[%clk 0:00:55]} Qd2 {[%clk 0:00:56]} 60. Be4
{[%clk 0:00:58]} Bd4 {[%clk 0:00:48]} 61. Qf1 {[%clk 0:00:45]} a5
{[%clk 0:00:46]} 62. Bb7 {[%clk 0:00:41]} Qe3 {[%clk 0:00:42]} 63. Bd5
{[%clk 0:00:54]} Qe5 {[%clk 0:00:53]} 64. Be4 {[%clk 0:00:41]} Qg3
{[%clk 0:01:03]} 65. Bd3 {[%clk 0:00:39]} Bf2 {[%clk 0:00:52]} 66. Qg2
{[%clk 0:00:45]} Qd6 {[%clk 0:00:39]} 67. Bc4 {[%clk 0:00:38]} Bd4
{[%clk 0:00:40]} 68. Bd3 {[%clk 0:00:39]} Be5 {[%clk 0:00:52]} 69. Bc4
{[%clk 0:00:54]} Qd1+ {[%clk 0:01:02]} 70. Qf1 {[%clk 0:01:15]} Qd4
{[%clk 0:01:13]} 71. Qg1 {[%clk 0:00:51]} Qf4 {[%clk 0:01:25]} 72. Qg2
{[%clk 0:00:41]} Bd4 {[%clk 0:01:40]} 73. Qf1 {[%clk 0:00:38]} Qe3
{[%clk 0:01:41]} 74. Qg2 {[%clk 0:00:45]} Qe1+ {[%clk 0:01:47]} 75. Qf1
{[%clk 0:01:07]} Qg3 {[%clk 0:01:53]} 76. Qg2 {[%clk 0:01:19]} Qf4
{[%clk 0:02:01]} 77. Qf1 {[%clk 0:01:05]} Qe3 {[%clk 0:01:45]} 78. Qg2
{[%clk 0:01:15]} Be5 {[%clk 0:02:00]} 79. Qe2 {[%clk 0:01:06]} Qd4
{[%clk 0:01:48]} 80. Qf1 {[%clk 0:00:53]} Qf4 {[%clk 0:01:33]} 81. Qg2
{[%clk 0:01:15]} Qd4 {[%clk 0:01:27]} 82. Qf1 {[%clk 0:01:29]} Bg3
{[%clk 0:01:41]} 83. Qg1 {[%clk 0:00:42]} Bf2 {[%clk 0:01:58]} 84. Qg2
{[%clk 0:00:44]} Qe3 {[%clk 0:02:14]} 85. Kh2 {[%clk 0:00:42]} Bg3+
{[%clk 0:02:06]} 86. Kh1 {[%clk 0:01:11]} Qd4 {[%clk 0:01:59]} 87. Qg1
{[%clk 0:00:52]} Qc3 {[%clk 0:01:59]} 88. Qf1 {[%clk 0:00:57]} Qc2
{[%clk 0:01:54]} 89. Qe2 {[%clk 0:01:02]} Qc3 {[%clk 0:01:15]} 90. Qf1
{[%clk 0:00:49]} Qe5 {[%clk 0:01:16]} 91. Qe2 {[%clk 0:00:48]} Qd4
{[%clk 0:01:03]} 92. Qf1 {[%clk 0:00:58]} Bd6 {[%clk 0:01:05]} 93. Qg1
{[%clk 0:00:50]} Qf4 {[%clk 0:01:15]} 94. Qg2 {[%clk 0:01:15]} Bc5
{[%clk 0:01:36]} 95. Qf1 {[%clk 0:01:11]} Qd4 {[%clk 0:01:01]} 96. Qg2
{[%clk 0:01:27]} Qd1+ {[%clk 0:01:02]} 97. Qf1 {[%clk 0:01:52]} Qd4
{[%clk 0:01:14]} 98. Qg2 {[%clk 0:02:20]} Qe3 {[%clk 0:01:07]} 99. Qf1
{[%clk 0:01:51]} Qc3 {[%clk 0:01:25]} 100. Qd3 {[%clk 0:01:25]} Qc1+
{[%clk 0:00:59]} 101. Qf1 {[%clk 0:01:53]} Qc2 {[%clk 0:01:00]} 102. Qe2
{[%clk 0:01:47]} Qc3 {[%clk 0:00:58]} 103. Qd3 {[%clk 0:01:51]} Qe5
{[%clk 0:01:01]} 104. Qf1 {[%clk 0:01:35]} Qd4 {[%clk 0:01:10]} 105. Qg2
{[%clk 0:01:37]} Qc3 {[%clk 0:01:21]} 106. Qf1 {[%clk 0:01:58]} Qd4
{[%clk 0:01:04]} 107. Qg2 {[%clk 0:02:23]} Bd6 {[%clk 0:01:19]} 108. Qf1
{[%clk 0:02:18]} Bf4 {[%clk 0:01:27]} 109. Qg2 {[%clk 0:01:58]} Qc3
{[%clk 0:01:22]} 110. Qf1 {[%clk 0:02:21]} Qb4 {[%clk 0:01:24]} 111. Qe2
{[%clk 0:01:02]} Qd6 {[%clk 0:01:17]} 112. Qg2 {[%clk 0:01:04]} Qd4
{[%clk 0:01:26]} 113. Qf1 {[%clk 0:00:55]} Be5 {[%clk 0:01:35]} 1/2-1/2

[Event "WCO 2016"]
[Site "?"]
[Date "2016.09.11"]
[Round "9"]
[Board "7"]
[WhiteID "513423"]
[White "Rinne Heini"]
[BlackID "8200335"]
[Black "Frijde Reyna"]
[Result "1/2-1/2"]
[BlackElo "1605"]
[WhiteElo "1751"]
[LiveChessVersion "1.4.8"]

1. d4 {[%clk 1:30:56]} d5 {[%clk 1:30:56]} 2. c4 {[%clk 1:31:18]} e6
{[%clk 1:31:22]} 3. Nc3 {[%clk 1:31:44]} Nf6 {[%clk 1:31:03]} 4. Bg5
{[%clk 1:29:58]} c6 {[%clk 1:31:12]} 5. e3 {[%clk 1:25:11]} Bd6 {[%clk 1:27:49]}
6. Nf3 {[%clk 1:20:31]} Nbd7 {[%clk 1:26:13]} 7. Be2 {[%clk 1:16:46]} O-O
{[%clk 1:25:29]} 8. O-O {[%clk 1:17:02]} Qc7 {[%clk 1:20:07]} 9. Bh4
{[%clk 1:11:07]} Re8 {[%clk 1:14:30]} 10. Bg3 {[%clk 1:08:01]} Bxg3
{[%clk 1:09:49]} 11. hxg3 {[%clk 1:08:21]} dxc4 {[%clk 1:10:10]} 12. Bxc4
{[%clk 1:07:05]} e5 {[%clk 1:05:39]} 13. Qb3 {[%clk 0:55:23]} Re7 14. dxe5
{[%clk 0:32:26]} Nxe5 {[%clk 0:58:44]} 15. Nxe5 {[%clk 0:32:31]} Qxe5
{[%clk 0:59:10]} 16. Rfd1 {[%clk 0:26:48]} Be6 {[%clk 0:54:00]} 17. Bxe6
{[%clk 0:26:43]} Qxe6 {[%clk 0:54:28]} 18. Qxe6 {[%clk 0:26:38]} Rxe6
{[%clk 0:54:53]} 19. Rd4 {[%clk 0:26:37]} Rae8 {[%clk 0:53:07]} 20. Rad1
{[%clk 0:26:25]} Kf8 {[%clk 0:48:00]} 21. Kf1 {[%clk 0:25:18]} Ne4
{[%clk 0:43:52]} 22. Nxe4 {[%clk 0:24:47]} Rxe4 {[%clk 0:44:20]} 23. Rd7
{[%clk 0:23:07]} R4e7 {[%clk 0:44:45]} 24. Ke2 {[%clk 0:22:36]} f5
{[%clk 0:42:53]} 25. Kf3 {[%clk 0:20:38]} h6 {[%clk 0:38:26]} 26. g4
{[%clk 0:19:21]} fxg4+ {[%clk 0:35:11]} 27. Kxg4 {[%clk 0:19:43]} g6
{[%clk 0:35:14]} 28. R1d6 {[%clk 0:15:22]} Rxd7 {[%clk 0:28:25]} 29. Rxd7
{[%clk 0:15:45]} Re7 {[%clk 0:28:51]} 30. Rd6 {[%clk 0:15:14]} Kf7
{[%clk 0:29:19]} 31. Kf4 {[%clk 0:15:00]} a5 {[%clk 0:28:11]} 32. e4
{[%clk 0:10:14]} a4 {[%clk 0:24:01]} 33. f3 {[%clk 0:06:17]} Rc7 {[%clk 0:19:45]}
1/2-1/2

[Event "WCO 2016"]
[Site "?"]
[Date "2016.09.11"]
[Round "9"]
[Board "8"]
[WhiteID "8201340"]
[White "Kaslan Alexandra"]
[BlackID "510947"]
[Black "Turunen Tiina"]
[Result "1/2-1/2"]
[BlackElo "1773"]
[WhiteElo "1474"]
[LiveChessVersion "1.4.8"]

1. d4 {[%clk 1:30:52]} Nf6 {[%clk 1:30:53]} 2. c4 {[%clk 1:31:10]} g6
{[%clk 1:31:13]} 3. Nc3 {[%clk 1:31:28]} Bg7 {[%clk 1:31:35]} 4. e4
{[%clk 1:31:24]} d6 {[%clk 1:31:55]} 5. Nf3 {[%clk 1:31:19]} O-O {[%clk 1:32:08]}
6. Be2 {[%clk 1:31:14]} Nbd7 {[%clk 1:30:22]} 7. O-O {[%clk 1:30:45]} c6
{[%clk 1:29:34]} 8. Re1 {[%clk 1:29:11]} Qe8 {[%clk 1:28:52]} 9. Bd3
{[%clk 1:27:04]} e5 {[%clk 1:28:18]} 10. d5 {[%clk 1:25:59]} cxd5
{[%clk 1:24:29]} 11. Nxd5 {[%clk 1:24:54]} Nxd5 {[%clk 1:24:21]} 12. cxd5
{[%clk 1:21:41]} Nc5 {[%clk 1:22:10]} 13. Bc2 {[%clk 1:14:24]} a5
{[%clk 1:19:30]} 14. Nd2 {[%clk 1:12:30]} b5 {[%clk 1:18:08]} 15. Nb3
{[%clk 1:09:26]} Bd7 {[%clk 1:10:37]} 16. Be3 {[%clk 1:06:02]} Nb7
{[%clk 1:10:30]} 17. Qd2 {[%clk 1:03:12]} a4 {[%clk 1:10:29]} 18. Nc1
{[%clk 1:03:07]} Rc8 {[%clk 1:07:52]} 19. Nd3 {[%clk 1:02:12]} Qe7
{[%clk 1:03:37]} 20. Rac1 {[%clk 0:59:53]} f5 {[%clk 0:58:06]} 21. Bg5
{[%clk 0:56:10]} Qf7 {[%clk 0:56:31]} 22. f3 {[%clk 0:54:56]} f4 {[%clk 0:56:19]}
23. Bh4 {[%clk 0:54:58]} Nc5 {[%clk 0:56:19]} 24. Bf2 {[%clk 0:46:50]} Nxd3
{[%clk 0:46:11]} 25. Bxd3 {[%clk 0:46:45]} Qe7 {[%clk 0:35:26]} 26. Rxc8
{[%clk 0:40:21]} Rxc8 {[%clk 0:35:28]} 27. Rc1 {[%clk 0:40:38]} Qd8
{[%clk 0:32:25]} 28. Rxc8 {[%clk 0:40:13]} Qxc8 {[%clk 0:32:27]} 29. Be1
{[%clk 0:39:21]} Bf6 {[%clk 0:29:12]} 30. Qc3 {[%clk 0:39:27]} Qb7
{[%clk 0:27:12]} 1/2-1/2